[Event "50+ World Senior Team Championship"]
[Site "chess24.com"]
[Date "2017.05.01"]
[Round "8"]
[White "Zilberman, Yaacov"]
[Black "Meskanen, Vesa"]
[Result "1-0"]
[Board "4"]
[WhiteElo "2430"]
[WhiteTitle "GM"]
[WhiteCountry "ISR"]
[WhiteFideId "2801612"]
[WhiteEloChange "1"]
[BlackElo "2052"]
[BlackCountry "FIN"]
[BlackFideId "503126"]
[BlackEloChange "-2"]

1. d4 {[%clk 1:30:48]} Nf6 {[%clk 1:30:59]} 2. Nf3 {[%clk 1:30:59]} g6 {[%clk
1:31:19]} 3. c4 {[%clk 1:31:19]} Bg7 {[%clk 1:31:45]} 4. Nc3 {[%clk 1:31:43]} d5
{[%clk 1:32:08]} 5. Bg5 {[%clk 1:31:36]} Ne4 {[%clk 1:32:07]} 6. cxd5 {[%clk
1:31:57]} Nxg5 {[%clk 1:32:18]} 7. Nxg5 {[%clk 1:32:21]} e6 {[%clk 1:32:11]} 8.
Nf3 {[%clk 1:31:31]} exd5 {[%clk 1:29:29]} 9. e3 {[%clk 1:31:01]} O-O {[%clk
1:29:36]} 10. b4 {[%clk 1:31:00]} c6 {[%clk 1:24:52]} 11. Be2 {[%clk 1:28:52]}
Nd7 {[%clk 1:22:48]} 12. O-O {[%clk 1:28:14]} f5 {[%clk 1:16:33]} 13. g3 {[%clk
1:23:08]} g5 {[%clk 1:12:29]} 14. Bd3 {[%clk 1:14:31]} Qe7 {[%clk 0:56:34]} 15.
Qc2 {[%clk 1:11:32]} h6 {[%clk 0:54:45]} 16. b5 {[%clk 1:09:16]} Qe6 {[%clk
0:43:45]} 17. Rac1 {[%clk 1:04:02]} Nb6 {[%clk 0:34:03]} 18. bxc6 {[%clk
0:55:58]} bxc6 {[%clk 0:32:39]} 19. Rfe1 {[%clk 0:54:34]} Bd7 {[%clk 0:29:19]}
20. Nb1 {[%clk 0:47:40]} Rac8 {[%clk 0:21:27]} 21. Nbd2 {[%clk 0:46:07]} Rc7
{[%clk 0:15:46]} 22. Nb3 {[%clk 0:45:23]} Na4 {[%clk 0:14:55]} 23. Qd2 {[%clk
0:42:22]} Qd6 {[%clk 0:08:58]} 24. Qa5 {[%clk 0:38:53]} Nb2 {[%clk 0:08:56]} 25.
Bf1 {[%clk 0:38:18]} f4 {[%clk 0:08:43]} 26. exf4 {[%clk 0:38:19]} gxf4 {[%clk
0:08:23]} 27. Ne5 {[%clk 0:38:24]} fxg3 {[%clk 0:08:22]} 28. hxg3 {[%clk
0:38:11]} Be8 {[%clk 0:07:09]} 29. Rc2 {[%clk 0:36:29]} Nc4 {[%clk 0:06:01]} 30.
Nxc4 {[%clk 0:36:20]} dxc4 {[%clk 0:06:19]} 31. Bxc4+ {[%clk 0:36:31]} Kh8 {[%clk
0:06:36]} 32. Rce2 {[%clk 0:36:23]} Bd7 {[%clk 0:01:57]} 33. Be6 {[%clk 0:31:49]}
Be8 {[%clk 0:00:58]} 34. Qc5 {[%clk 0:29:51]} Qd8 {[%clk 0:01:23]} 35. Bc4 {[%clk
0:29:23]} Bg6 {[%clk 0:01:32]} 36. Re6 {[%clk 0:28:44]} Rf6 {[%clk 0:01:03]} 37.
Rxf6 {[%clk 0:28:35]} Bxf6 {[%clk 0:01:12]} 38. Re6 {[%clk 0:28:04]} Kg7 {[%clk
0:01:05]} 39. Rxc6 {[%clk 0:25:41]} Rxc6 {[%clk 0:00:47]} 40. Qxc6 {[%clk
0:56:04]} Bxd4 {[%clk 0:30:45]} 41. Nxd4 {[%clk 0:55:57]} Qxd4 {[%clk 0:31:08]}
42. Bd5 {[%clk 0:55:44]} h5 {[%clk 0:25:36]} 43. Qc7+ {[%clk 0:54:24]} Kf8 {[%clk
0:21:33]} 44. Qd8+ {[%clk 0:53:34]} Be8 {[%clk 0:20:14]} 45. Qd6+ {[%clk
0:53:44]} Kg7 {[%clk 0:20:37]} 46. Qe7+ {[%clk 0:53:58]} Kh6 {[%clk 0:20:45]} 47.
Qxe8 {[%clk 0:51:39]} Qxd5 {[%clk 0:21:04]} 48. Qe3+ {[%clk 0:52:01]} Kg6 {[%clk
0:21:17]} 49. Qxa7 {[%clk 0:52:19]} Qd1+ {[%clk 0:21:24]} 50. Kh2 {[%clk
0:52:14]} h4 {[%clk 0:21:04]} 51. Qb6+ {[%clk 0:52:33]} Kg7 {[%clk 0:18:38]} 52.
Qc7+ {[%clk 0:51:20]} Kg8 {[%clk 0:18:46]} 53. gxh4 {[%clk 0:51:30]} 1-0

[Event "50+ World Senior Team Championship"]
[Site "chess24.com"]
[Date "2017.05.01"]
[Round "8"]
[White "Hoehn, Michael"]
[Black "Bhopal, Raj"]
[Result "1/2-1/2"]
[Board "3"]
[WhiteElo "2052"]
[WhiteCountry "GER"]
[WhiteFideId "4622693"]
[WhiteEloChange "-3"]
[BlackElo "1951"]
[BlackCountry "SCO"]
[BlackFideId "2404443"]
[BlackEloChange "3"]

1. Nf3 {[%clk 1:30:43]} Nf6 {[%clk 1:30:48]} 2. b3 {[%clk 1:30:48]} d5 {[%clk
1:31:03]} 3. Bb2 {[%clk 1:30:41]} Bf5 {[%clk 1:31:00]} 4. g3 {[%clk 1:27:04]} e6
{[%clk 1:30:55]} 5. Bg2 {[%clk 1:27:21]} h6 {[%clk 1:29:47]} 6. O-O {[%clk
1:27:33]} Be7 {[%clk 1:30:05]} 7. d3 {[%clk 1:25:47]} O-O {[%clk 1:29:29]} 8.
Nfd2 {[%clk 1:24:17]} c6 {[%clk 1:24:35]} 9. e4 {[%clk 1:21:30]} Bh7 {[%clk
1:21:52]} 10. e5 {[%clk 1:12:58]} Nfd7 {[%clk 1:21:45]} 11. f4 {[%clk 1:12:38]}
c5 {[%clk 1:15:57]} 12. Nc3 {[%clk 1:06:50]} Nc6 {[%clk 1:15:02]} 13. Ne2 {[%clk
1:06:37]} Rc8 {[%clk 1:13:29]} 14. Nf3 {[%clk 1:04:30]} b5 {[%clk 1:08:55]} 15.
g4 {[%clk 0:58:18]} c4 {[%clk 1:03:27]} 16. dxc4 {[%clk 0:58:08]} bxc4 {[%clk
1:02:57]} 17. Ned4 {[%clk 0:52:29]} Qb6 {[%clk 0:58:46]} 18. Kh1 {[%clk 0:52:37]}
Bc5 {[%clk 0:47:46]} 19. Nxc6 {[%clk 0:43:47]} Rxc6 {[%clk 0:47:18]} 20. f5
{[%clk 0:36:35]} Be3 {[%clk 0:40:08]} 21. Bd4 {[%clk 0:26:22]} Bxd4 {[%clk
0:39:57]} 22. Nxd4 {[%clk 0:26:45]} Rc7 {[%clk 0:23:38]} 23. fxe6 {[%clk
0:22:27]} fxe6 {[%clk 0:23:17]} 24. Rxf8+ {[%clk 0:22:43]} Nxf8 {[%clk 0:21:07]}
25. g5 {[%clk 0:20:09]} hxg5 {[%clk 0:17:52]} 26. Qg4 {[%clk 0:17:23]} cxb3
{[%clk 0:16:50]} 27. cxb3 {[%clk 0:16:57]} Rf7 {[%clk 0:13:26]} 1/2-1/2

[Event "50+ World Senior Team Championship"]
[Site "chess24.com"]
[Date "2017.05.01"]
[Round "8"]
[White "Aird, Ian"]
[Black "Wolff, Peter"]
[Result "0-1"]
[Board "4"]
[WhiteElo "1852"]
[WhiteCountry "SCO"]
[WhiteFideId "2401347"]
[WhiteEloChange "-7"]
[BlackElo "1963"]
[BlackCountry "GER"]
[BlackFideId "4655613"]
[BlackEloChange "7"]

1. c4 {[%clk 1:30:56]} c6 {[%clk 1:30:53]} 2. Nc3 {[%clk 1:31:20]} d5 {[%clk
1:31:17]} 3. e3 {[%clk 1:31:44]} Nf6 {[%clk 1:31:36]} 4. Nf3 {[%clk 1:32:03]} Bg4
{[%clk 1:29:32]} 5. h3 {[%clk 1:32:17]} Bh5 {[%clk 1:29:54]} 6. g4 {[%clk
1:29:48]} Bg6 {[%clk 1:30:19]} 7. Ne5 {[%clk 1:30:11]} Nbd7 {[%clk 1:29:17]} 8.
Nxg6 {[%clk 1:28:39]} hxg6 {[%clk 1:29:45]} 9. cxd5 {[%clk 1:28:07]} Nxd5 {[%clk
1:29:18]} 10. Bg2 {[%clk 1:25:57]} e6 {[%clk 1:29:14]} 11. d4 {[%clk 1:23:13]}
Be7 {[%clk 1:22:36]} 12. e4 {[%clk 1:22:43]} N5b6 {[%clk 1:22:05]} 13. O-O {[%clk
1:21:44]} O-O {[%clk 1:20:17]} 14. Qe2 {[%clk 1:20:19]} Re8 {[%clk 0:57:35]} 15.
Be3 {[%clk 1:19:20]} Qc7 {[%clk 0:56:14]} 16. Rac1 {[%clk 1:18:57]} a6 {[%clk
0:49:56]} 17. Rfd1 {[%clk 1:16:26]} Rad8 {[%clk 0:47:48]} 18. Kh1 {[%clk
1:11:42]} Nf6 {[%clk 0:46:41]} 19. f4 {[%clk 1:02:54]} Rd7 {[%clk 0:44:59]} 20.
Bf3 {[%clk 1:01:43]} Qd8 {[%clk 0:43:21]} 21. Kg2 {[%clk 0:59:33]} Nh7 {[%clk
0:35:55]} 22. Kh2 {[%clk 0:54:35]} Bd6 {[%clk 0:26:11]} 23. Kg2 {[%clk 0:53:42]}
Bb8 {[%clk 0:25:52]} 24. e5 {[%clk 0:49:01]} Qe7 {[%clk 0:23:10]} 25. Bf2 {[%clk
0:45:34]} Red8 {[%clk 0:23:20]} 26. Kg3 {[%clk 0:41:33]} Ba7 {[%clk 0:21:10]} 27.
Ne4 {[%clk 0:37:05]} Nc8 {[%clk 0:20:17]} 28. Qc4 {[%clk 0:36:00]} Nb6 {[%clk
0:18:09]} 29. Qc2 {[%clk 0:34:33]} Nc8 {[%clk 0:17:54]} 30. Nc5 {[%clk 0:33:31]}
Bxc5 {[%clk 0:15:48]} 31. dxc5 {[%clk 0:33:45]} Rxd1 {[%clk 0:16:07]} 32. Rxd1
{[%clk 0:34:07]} Rxd1 {[%clk 0:16:30]} 33. Qxd1 {[%clk 0:34:22]} Nf8 {[%clk
0:16:47]} 34. Qd4 {[%clk 0:31:02]} Qd7 {[%clk 0:17:09]} 35. Qc3 {[%clk 0:30:21]}
Qd8 {[%clk 0:16:46]} 36. Be3 {[%clk 0:30:13]} Ne7 {[%clk 0:17:04]} 37. Qb3 {[%clk
0:24:15]} Qd7 {[%clk 0:16:13]} 38. Be4 {[%clk 0:21:36]} Nh7 {[%clk 0:14:56]} 39.
Qd3 {[%clk 0:20:30]} Qxd3 {[%clk 0:14:01]} 40. Bxd3 {[%clk 0:50:57]} Kf8 {[%clk
0:43:32]} 41. Bd2 {[%clk 0:50:51]} Ke8 {[%clk 0:43:45]} 42. Ba5 {[%clk 0:47:50]}
Kd7 {[%clk 0:44:05]} 43. h4 {[%clk 0:48:04]} Nf8 {[%clk 0:44:20]} 44. Kf3 {[%clk
0:47:51]} Kc8 {[%clk 0:44:17]} 45. Bd2 {[%clk 0:46:55]} Nd7 {[%clk 0:44:03]} 46.
b4 {[%clk 0:45:11]} Kd8 {[%clk 0:44:25]} 47. Ke4 {[%clk 0:44:16]} Ke8 {[%clk
0:44:11]} 48. Kd4 {[%clk 0:43:50]} Kf8 {[%clk 0:44:31]} 49. Kc4 {[%clk 0:43:52]}
Ke8 {[%clk 0:44:02]} 50. a4 {[%clk 0:43:07]} Kd8 {[%clk 0:44:20]} 51. b5 {[%clk
0:42:35]} axb5+ {[%clk 0:44:17]} 52. axb5 {[%clk 0:43:02]} Kc7 {[%clk 0:42:34]}
53. b6+ {[%clk 0:40:54]} Kd8 {[%clk 0:41:53]} 54. Kd4 {[%clk 0:39:09]} Kc8 {[%clk
0:40:29]} 55. Be3 {[%clk 0:38:05]} Nd5 {[%clk 0:40:01]} 56. Bd2 {[%clk 0:38:26]}
Ne7 {[%clk 0:40:24]} 57. Be1 {[%clk 0:36:51]} Kd8 {[%clk 0:38:11]} 58. Bf2 {[%clk
0:37:03]} Ke8 {[%clk 0:37:07]} 59. Ke4 {[%clk 0:34:29]} Kf8 {[%clk 0:36:25]} 60.
Bf1 {[%clk 0:34:02]} Kg8 {[%clk 0:35:35]} 61. Bh3 {[%clk 0:34:06]} Kf8 {[%clk
0:35:19]} 62. Bd4 {[%clk 0:33:30]} Kg8 {[%clk 0:34:47]} 63. f5 {[%clk 0:32:25]}
gxf5+ {[%clk 0:35:07]} 64. gxf5 {[%clk 0:32:40]} Nxf5 {[%clk 0:34:58]} 65. Bxf5
{[%clk 0:33:00]} exf5+ {[%clk 0:35:22]} 66. Kxf5 {[%clk 0:33:22]} Nf8 {[%clk
0:35:37]} 67. Be3 {[%clk 0:33:10]} Ne6 {[%clk 0:35:47]} 68. h5 {[%clk 0:33:27]}
Kh7 {[%clk 0:31:05]} 69. Bf2 {[%clk 0:33:46]} Kh6 {[%clk 0:31:12]} 70. Kg4 {[%clk
0:32:21]} g6 {[%clk 0:26:45]} 71. hxg6 {[%clk 0:31:57]} fxg6 {[%clk 0:25:59]} 72.
Be3+ {[%clk 0:30:29]} Kg7 {[%clk 0:26:00]} 73. Bf2 {[%clk 0:29:06]} Kf7 {[%clk
0:26:16]} 74. Be3 {[%clk 0:28:50]} Ke7 {[%clk 0:25:47]} 75. Kf3 {[%clk 0:27:46]}
Nf8 {[%clk 0:21:44]} 76. Ke4 {[%clk 0:25:01]} Ke6 {[%clk 0:20:49]} 77. Kf4 {[%clk
0:20:19]} Kd5 {[%clk 0:18:41]} 78. Kg5 {[%clk 0:19:44]} Kxe5 {[%clk 0:18:48]} 79.
Bf4+ {[%clk 0:19:24]} Kd4 {[%clk 0:15:08]} 80. Bd6 {[%clk 0:18:41]} Ne6+ {[%clk
0:15:13]} 81. Kxg6 {[%clk 0:18:50]} Nxc5 {[%clk 0:15:28]} 82. Kf5 {[%clk
0:17:27]} Nd7 {[%clk 0:15:36]} 83. Bc7 {[%clk 0:14:51]} Kc5 {[%clk 0:15:50]} 0-1

[Event "50+ World Senior Team Championship"]
[Site "chess24.com"]
[Date "2017.05.01"]
[Round "8"]
[White "Denk, Adolf"]
[Black "Hrisanthopoulos, Dimitrios"]
[Result "1/2-1/2"]
[Board "2"]
[WhiteElo "2268"]
[WhiteTitle "FM"]
[WhiteCountry "AUT"]
[WhiteFideId "1600990"]
[WhiteEloChange "-7"]
[BlackElo "1996"]
[BlackCountry "GRE"]
[BlackFideId "4200543"]
[BlackEloChange "7"]

1. c4 {[%clk 1:30:59]} c5 {[%clk 1:30:48]} 2. g3 {[%clk 1:31:11]} Nc6 {[%clk
1:30:52]} 3. Bg2 {[%clk 1:31:33]} g6 {[%clk 1:31:11]} 4. Nc3 {[%clk 1:30:43]} Bg7
{[%clk 1:31:29]} 5. e3 {[%clk 1:30:49]} e6 {[%clk 1:31:32]} 6. Nge2 {[%clk
1:31:05]} Nge7 {[%clk 1:31:33]} 7. O-O {[%clk 1:31:11]} O-O {[%clk 1:31:36]} 8.
d4 {[%clk 1:26:18]} cxd4 {[%clk 1:31:22]} 9. exd4 {[%clk 1:25:41]} d5 {[%clk
1:30:52]} 10. cxd5 {[%clk 1:22:41]} Nxd5 {[%clk 1:30:16]} 11. Be3 {[%clk
1:20:15]} b6 {[%clk 1:19:07]} 12. Qd2 {[%clk 1:20:15]} Nce7 {[%clk 1:19:07]} 13.
Bg5 {[%clk 1:07:43]} Bb7 {[%clk 1:05:29]} 14. Rfd1 {[%clk 0:58:05]} Qd7 {[%clk
1:03:37]} 15. Bh6 {[%clk 0:40:02]} Rad8 {[%clk 0:58:36]} 16. Bxg7 {[%clk
0:38:34]} Kxg7 {[%clk 0:58:29]} 17. h4 {[%clk 0:35:35]} Nf6 {[%clk 0:55:07]} 18.
Bxb7 {[%clk 0:31:02]} Qxb7 {[%clk 0:55:12]} 19. Qe3 {[%clk 0:30:51]} 1/2-1/2

[Event "50+ World Senior Team Championship"]
[Site "chess24.com"]
[Date "2017.05.01"]
[Round "8"]
[White "Sideris, Nikiforos"]
[Black "Druckenthaner, Andreas"]
[Result "0-1"]
[Board "3"]
[WhiteElo "1975"]
[WhiteCountry "GRE"]
[WhiteFideId "4204271"]
[WhiteEloChange "-3"]
[BlackElo "2258"]
[BlackTitle "FM"]
[BlackCountry "AUT"]
[BlackFideId "1600567"]
[BlackEloChange "3"]

1. b3 {[%clk 1:30:56]} e5 {[%clk 1:29:55]} 2. Bb2 {[%clk 1:31:16]} d6 {[%clk
1:30:18]} 3. c4 {[%clk 1:31:19]} g6 {[%clk 1:29:34]} 4. Nc3 {[%clk 1:31:32]} Bg7
{[%clk 1:29:58]} 5. d3 {[%clk 1:31:35]} Nc6 {[%clk 1:27:27]} 6. e3 {[%clk
1:31:39]} f5 {[%clk 1:26:03]} 7. Qc2 {[%clk 1:30:01]} Nf6 {[%clk 1:26:06]} 8. Nf3
{[%clk 1:30:00]} O-O {[%clk 1:24:56]} 9. Be2 {[%clk 1:18:38]} h6 {[%clk 1:05:13]}
10. a3 {[%clk 1:18:38]} g5 {[%clk 1:05:13]} 11. Rc1 {[%clk 1:04:50]} Be6 {[%clk
1:05:24]} 12. d4 {[%clk 1:01:22]} exd4 {[%clk 1:02:10]} 13. Nxd4 {[%clk 0:56:35]}
Nxd4 {[%clk 1:02:14]} 14. exd4 {[%clk 0:56:27]} d5 {[%clk 1:02:21]} 15. O-O
{[%clk 0:42:43]} c6 {[%clk 1:00:09]} 16. cxd5 {[%clk 0:32:46]} Nxd5 {[%clk
1:00:20]} 17. Nxd5 {[%clk 0:33:08]} Bxd5 {[%clk 1:00:37]} 18. Bc4 {[%clk
0:29:41]} Qd7 {[%clk 0:57:57]} 19. Rfe1 {[%clk 0:22:09]} Rad8 {[%clk 0:55:25]}
20. Re2 {[%clk 0:21:21]} f4 {[%clk 0:44:11]} 21. Rce1 {[%clk 0:16:40]} Qf5 {[%clk
0:29:12]} 22. Qxf5 {[%clk 0:11:30]} Rxf5 {[%clk 0:29:36]} 23. Re8+ {[%clk
0:11:17]} Rf8 {[%clk 0:21:21]} 24. Bxd5+ {[%clk 0:03:46]} Rxd5 {[%clk 0:21:38]}
25. Kf1 {[%clk 0:02:30]} c5 {[%clk 0:17:54]} 26. R1e7 {[%clk 0:01:38]} Rxe8
{[%clk 0:16:34]} 27. Rxe8+ {[%clk 0:02:03]} Kf7 {[%clk 0:16:33]} 28. Rb8 {[%clk
0:02:15]} Rd7 {[%clk 0:16:51]} 29. Ke2 {[%clk 0:02:18]} Kg6 {[%clk 0:11:29]} 30.
Kd3 {[%clk 0:01:44]} Bxd4 {[%clk 0:11:46]} 31. Bxd4 {[%clk 0:02:05]} Rxd4+ {[%clk
0:12:10]} 32. Kc3 {[%clk 0:01:56]} Rd7 {[%clk 0:12:33]} 33. Rc8 {[%clk 0:01:42]}
b6 {[%clk 0:11:38]} 34. g4 {[%clk 0:02:03]} fxg3 {[%clk 0:11:48]} 35. fxg3 {[%clk
0:02:23]} Kf5 {[%clk 0:10:32]} 36. h3 {[%clk 0:02:08]} Ke4 {[%clk 0:09:04]} 37.
Rc6 {[%clk 0:01:59]} h5 {[%clk 0:08:15]} 38. Rh6 {[%clk 0:02:00]} b5 {[%clk
0:08:10]} 39. Rxh5 {[%clk 0:02:07]} Rd3+ {[%clk 0:08:34]} 40. Kc2 {[%clk
0:32:20]} Rxg3 {[%clk 0:38:58]} 41. h4 {[%clk 0:32:15]} g4 {[%clk 0:24:48]} 42.
Rxc5 {[%clk 0:24:20]} Rh3 {[%clk 0:25:09]} 43. Rxb5 {[%clk 0:21:11]} g3 {[%clk
0:23:00]} 44. Kd2 {[%clk 0:11:37]} g2 {[%clk 0:21:27]} 45. Rg5 {[%clk 0:08:34]}
Kf3 {[%clk 0:21:45]} 46. Rf5+ {[%clk 0:08:03]} Kg3 {[%clk 0:22:05]} 47. Rg5+
{[%clk 0:03:14]} Kh2 {[%clk 0:22:23]} 48. Rxg2+ {[%clk 0:03:18]} Kxg2 {[%clk
0:22:44]} 49. Kc2 {[%clk 0:03:27]} Kf2 {[%clk 0:21:32]} 50. h5 {[%clk 0:03:05]}
Rxh5 {[%clk 0:21:33]} 51. Kd3 {[%clk 0:03:17]} Rh4 {[%clk 0:21:10]} 0-1

[Event "50+ World Senior Team Championship"]
[Site "chess24.com"]
[Date "2017.05.01"]
[Round "8"]
[White "Ernst, Michael"]
[Black "Vlahos, Kiriakos"]
[Result "0-1"]
[Board "4"]
[WhiteElo "2141"]
[WhiteCountry "AUT"]
[WhiteFideId "1618393"]
[WhiteEloChange "-6"]
[BlackElo "2285"]
[BlackTitle "FM"]
[BlackCountry "GRE"]
[BlackFideId "4200594"]
[BlackEloChange "6"]

1. d4 {[%clk 1:30:57]} d5 {[%clk 1:24:23]} 2. Bf4 {[%clk 1:31:24]} Nf6 {[%clk
1:24:45]} 3. e3 {[%clk 1:31:46]} e6 {[%clk 1:24:52]} 4. Nd2 {[%clk 1:31:13]} Be7
{[%clk 1:25:03]} 5. h3 {[%clk 1:31:26]} O-O {[%clk 1:25:17]} 6. Ngf3 {[%clk
1:31:52]} b6 {[%clk 1:25:34]} 7. Bd3 {[%clk 1:32:01]} Ba6 {[%clk 1:25:46]} 8.
Bxa6 {[%clk 1:31:49]} Nxa6 {[%clk 1:26:08]} 9. O-O {[%clk 1:32:11]} c5 {[%clk
1:25:36]} 10. c3 {[%clk 1:32:21]} Nb8 {[%clk 1:25:44]} 11. Ne5 {[%clk 1:31:35]}
Qc8 {[%clk 1:24:40]} 12. a4 {[%clk 1:29:20]} Nbd7 {[%clk 1:21:21]} 13. Qb3 {[%clk
1:26:10]} c4 {[%clk 1:06:13]} 14. Qc2 {[%clk 1:26:10]} a6 {[%clk 1:06:13]} 15. b3
{[%clk 1:20:17]} b5 {[%clk 1:00:36]} 16. axb5 {[%clk 1:20:22]} axb5 {[%clk
1:00:58]} 17. bxc4 {[%clk 1:16:20]} bxc4 {[%clk 1:00:48]} 18. e4 {[%clk 1:09:47]}
h6 {[%clk 0:56:31]} 19. exd5 {[%clk 1:04:49]} Nxd5 {[%clk 0:23:52]} 20. Bg3
{[%clk 0:55:27]} Nxe5 {[%clk 0:23:43]} 21. Bxe5 {[%clk 0:55:54]} Qc6 {[%clk
0:24:05]} 22. Rfb1 {[%clk 0:50:06]} Rfc8 {[%clk 0:24:04]} 23. Qb2 {[%clk
0:38:43]} Bd8 {[%clk 0:18:13]} 24. Rxa8 {[%clk 0:36:08]} Rxa8 {[%clk 0:17:18]}
25. Qb7 {[%clk 0:33:54]} Qxb7 {[%clk 0:16:46]} 26. Rxb7 {[%clk 0:34:22]} Nxc3
{[%clk 0:13:49]} 27. Nxc4 {[%clk 0:33:50]} f6 {[%clk 0:14:03]} 28. Rb8 {[%clk
0:28:10]} Rxb8 {[%clk 0:14:11]} 29. Bxb8 {[%clk 0:28:38]} Ne2+ {[%clk 0:14:30]}
30. Kf1 {[%clk 0:28:50]} Nxd4 {[%clk 0:14:57]} 31. f4 {[%clk 0:28:47]} Be7 {[%clk
0:14:17]} 32. g4 {[%clk 0:27:07]} Bc5 {[%clk 0:14:12]} 33. Bc7 {[%clk 0:26:05]}
Kf7 {[%clk 0:11:29]} 34. Kg2 {[%clk 0:26:30]} Ke7 {[%clk 0:09:00]} 35. Ba5 {[%clk
0:23:20]} Kd7 {[%clk 0:07:15]} 36. h4 {[%clk 0:22:00]} Kc6 {[%clk 0:06:52]} 37.
g5 {[%clk 0:19:29]} h5 {[%clk 0:06:26]} 38. gxf6 {[%clk 0:19:40]} gxf6 {[%clk
0:06:47]} 39. Bd8 {[%clk 0:17:27]} Kd5 {[%clk 0:05:19]} 40. Nd2 {[%clk 0:45:04]}
f5 {[%clk 0:33:50]} 41. Bf6 {[%clk 0:42:04]} Bb4 {[%clk 0:29:30]} 42. Nf1 {[%clk
0:40:32]} Be1 {[%clk 0:29:04]} 43. Ne3+ {[%clk 0:34:35]} Ke4 {[%clk 0:26:04]} 44.
Bxd4 {[%clk 0:32:39]} Bxh4 {[%clk 0:26:01]} 45. Nxf5 {[%clk 0:25:34]} exf5 {[%clk
0:25:11]} 46. Be5 {[%clk 0:26:00]} Bg5 {[%clk 0:24:32]} 47. fxg5 {[%clk 0:23:05]}
Kxe5 {[%clk 0:24:47]} 48. Kg3 {[%clk 0:23:27]} Ke6 {[%clk 0:23:39]} 49. Kh4
{[%clk 0:09:56]} f4 {[%clk 0:23:51]} 50. Kxh5 {[%clk 0:10:18]} f3 {[%clk
0:24:12]} 51. g6 {[%clk 0:09:56]} f2 {[%clk 0:24:26]} 0-1

[Event "50+ World Senior Team Championship"]
[Site "chess24.com"]
[Date "2017.05.02"]
[Round "9"]
[White "Vaganian, Rafael A"]
[Black "Wallner, Joachim"]
[Result "1/2-1/2"]
[Board "1"]
[WhiteElo "2560"]
[WhiteTitle "GM"]
[WhiteCountry "ARM"]
[WhiteFideId "13300016"]
[WhiteEloChange "-3"]
[BlackElo "2313"]
[BlackTitle "FM"]
[BlackCountry "AUT"]
[BlackFideId "1608720"]
[BlackEloChange "6"]

1. Nf3 {[%clk 1:30:49]} d5 {[%clk 1:30:52]} 2. g3 {[%clk 1:31:02]} c6 {[%clk
1:31:08]} 3. Bg2 {[%clk 1:31:25]} Nf6 {[%clk 1:31:19]} 4. c4 {[%clk 1:30:23]} e6
{[%clk 1:31:30]} 5. Qc2 {[%clk 1:28:18]} Be7 {[%clk 1:23:15]} 6. O-O {[%clk
1:27:56]} b6 {[%clk 1:23:33]} 7. d4 {[%clk 1:25:53]} Nbd7 {[%clk 1:13:13]} 8. Rd1
{[%clk 1:20:42]} Bb7 {[%clk 1:11:10]} 9. b3 {[%clk 1:19:03]} Rc8 {[%clk 1:05:10]}
10. Nc3 {[%clk 1:15:59]} c5 {[%clk 1:04:12]} 11. cxd5 {[%clk 1:03:25]} Nxd5
{[%clk 0:57:30]} 12. Nxd5 {[%clk 1:03:19]} cxd4 {[%clk 0:56:26]} 13. Qd2 {[%clk
1:01:58]} Bxd5 {[%clk 0:56:48]} 14. Nxd4 {[%clk 1:02:23]} Bxg2 {[%clk 0:56:42]}
15. Kxg2 {[%clk 1:02:47]} Nc5 {[%clk 0:50:49]} 16. Qe3 {[%clk 1:01:25]} Qd5+
{[%clk 0:44:30]} 17. Qf3 {[%clk 1:01:39]} Qxf3+ {[%clk 0:43:39]} 18. Kxf3 {[%clk
1:01:57]} Bf6 {[%clk 0:38:27]} 19. Ba3 {[%clk 0:57:47]} O-O {[%clk 0:29:38]} 20.
Rac1 {[%clk 0:57:45]} Rfd8 {[%clk 0:29:26]} 21. Nb5 {[%clk 0:54:32]} Rxd1 {[%clk
0:28:31]} 22. Rxd1 {[%clk 0:54:55]} a6 {[%clk 0:28:35]} 23. Nd6 {[%clk 0:55:20]}
Rc6 {[%clk 0:28:05]} 24. Nc4 {[%clk 0:54:50]} Na4 {[%clk 0:23:48]} 25. Ne5 {[%clk
0:45:37]} Nc3 {[%clk 0:21:50]} 26. Rd7 {[%clk 0:45:15]} Rc8 {[%clk 0:22:11]} 27.
Nxf7 {[%clk 0:43:59]} Nxa2 {[%clk 0:22:33]} 28. Nd6 {[%clk 0:43:21]} Rc3+ {[%clk
0:22:42]} 29. e3 {[%clk 0:43:45]} Rxb3 {[%clk 0:23:04]} 30. Ra7 {[%clk 0:44:05]}
h6 {[%clk 0:20:08]} 31. Rxa6 {[%clk 0:44:24]} Nc3 {[%clk 0:17:56]} 32. Nc4 {[%clk
0:43:01]} Nb1 {[%clk 0:13:09]} 33. Ra8+ {[%clk 0:40:21]} Kh7 {[%clk 0:13:26]} 34.
Bf8 {[%clk 0:40:46]} b5 {[%clk 0:13:33]} 35. Nd6 {[%clk 0:41:11]} Nd2+ {[%clk
0:13:37]} 36. Kg4 {[%clk 0:34:14]} Rb4+ {[%clk 0:12:27]} 37. f4 {[%clk 0:34:25]}
Nf1 {[%clk 0:12:10]} 38. e4 {[%clk 0:30:47]} e5 {[%clk 0:09:47]} 1/2-1/2

[Event "50+ World Senior Team Championship"]
[Site "chess24.com"]
[Date "2017.05.02"]
[Round "9"]
[White "Movsziszian, Karen"]
[Black "Druckenthaner, Andreas"]
[Result "1/2-1/2"]
[Board "3"]
[WhiteElo "2483"]
[WhiteTitle "GM"]
[WhiteCountry "ARM"]
[WhiteFideId "13301152"]
[WhiteEloChange "-3"]
[BlackElo "2258"]
[BlackTitle "FM"]
[BlackCountry "AUT"]
[BlackFideId "1600567"]
[BlackEloChange "6"]

1. Nf3 {[%clk 1:30:56]} f5 {[%clk 1:30:53]} 2. g3 {[%clk 1:31:22]} Nf6 {[%clk
1:31:19]} 3. Bg2 {[%clk 1:31:50]} d6 {[%clk 1:31:32]} 4. O-O {[%clk 1:32:05]} e5
{[%clk 1:31:54]} 5. d3 {[%clk 1:32:31]} Be7 {[%clk 1:32:16]} 6. c4 {[%clk
1:32:56]} O-O {[%clk 1:32:38]} 7. Nc3 {[%clk 1:33:24]} Nc6 {[%clk 1:33:00]} 8.
Nd5 {[%clk 1:31:16]} Kh8 {[%clk 1:27:59]} 9. Bd2 {[%clk 1:24:38]} Be6 {[%clk
1:26:10]} 10. Ng5 {[%clk 1:15:55]} Bg8 {[%clk 1:22:53]} 11. f4 {[%clk 1:16:14]}
h6 {[%clk 1:11:22]} 12. Nh3 {[%clk 1:16:42]} Bh7 {[%clk 1:02:50]} 13. b4 {[%clk
1:15:40]} Qd7 {[%clk 0:57:05]} 14. Bc3 {[%clk 1:12:49]} exf4 {[%clk 0:36:54]} 15.
gxf4 {[%clk 1:07:15]} Rae8 {[%clk 0:35:29]} 16. Qa4 {[%clk 1:04:25]} a6 {[%clk
0:34:43]} 17. Rae1 {[%clk 1:04:26]} Nxd5 {[%clk 0:32:39]} 18. cxd5 {[%clk
1:00:32]} Ne5 {[%clk 0:32:51]} 19. Qxd7 {[%clk 0:58:48]} Nxd7 {[%clk 0:33:15]}
20. Rc1 {[%clk 0:58:20]} Bh4 {[%clk 0:27:13]} 21. Bf3 {[%clk 0:57:51]} Re7 {[%clk
0:24:52]} 22. Rc2 {[%clk 0:56:28]} Nf6 {[%clk 0:25:16]} 23. Rfc1 {[%clk 0:54:52]}
Rc8 {[%clk 0:25:39]} 24. Nf2 {[%clk 0:40:40]} Bg8 {[%clk 0:23:03]} 25. Bxf6
{[%clk 0:39:45]} Bxf6 {[%clk 0:23:24]} 26. e4 {[%clk 0:31:04]} fxe4 {[%clk
0:21:52]} 27. dxe4 {[%clk 0:31:26]} Bd4 {[%clk 0:22:08]} 28. f5 {[%clk 0:29:39]}
g6 {[%clk 0:19:24]} 29. Kg2 {[%clk 0:15:56]} gxf5 {[%clk 0:17:53]} 30. exf5
{[%clk 0:15:56]} Rg7+ {[%clk 0:17:53]} 31. Kf1 {[%clk 0:16:09]} Bh7 {[%clk
0:16:52]} 1/2-1/2